000
00210nam a2200097Ia 4500
001
648218
005
20250826153717.0
008
250824s9999 xx 000 0 und d
245
0
_c
RICK RIORDAN
260
_b
DOĞAN
999
_c
648218
_d
648218